|
|
|
|
| LEADER |
00945nam a2200253 a 4500 |
| 001 |
000018486 |
| 003 |
CZ BrMZK |
| 005 |
19950313143423.0 |
| 008 |
950313s1994 xr f eng d |
| 020 |
|
|
|a 80-85125-69-2
|
| 040 |
|
|
|a BOA001
|b cze
|
| 080 |
|
|
|a 565.393(437.11)
|2 MRF
|
| 100 |
1 |
|
|a Mergl, Michal,
|d 1959-
|7 jo20000080646
|4 aut
|
| 245 |
1 |
0 |
|a Trilobite fauna from the Třenice Formation (Tremadoc) in Central Bohemia /
|c Michal Mergl.
|
| 260 |
|
|
|a Plzeň :
|b Západočeské muzeum,
|c 1994
|
| 300 |
|
|
|a 31 s., fotogr. na příl.
|
| 490 |
1 |
|
|a Folia Musei rerum naturalium Bohemiae occidentalis. Geologica ;
|v 39
|
| 500 |
|
|
|a Bibliogr. s. 24-27
|
| 653 |
0 |
|
|a trilobiti
|
| 830 |
|
0 |
|a Folia Musei rerum naturalium Bohemiae occidentalis.
|p Geologica
|
| 910 |
|
|
|a BOA001
|b X-1007.635
|
| 964 |
|
|
|a Trilobiti
|y Třenice
|x nálezy
|
| 990 |
|
|
|a BK
|
| 996 |
7 |
|
|b 2610019581
|c X-1007.635
|l MZK
|r Sklad / do 24 hodin
|n 0
|p p.v.
|w 000018486
|u 000010
|a 1
|e BOA001
|j MZK50
|s A
|